000 00452nam a2200193Ia 4500
008 170918s9999 xx 000 0 und d
020 _a9780375850868
050 _bS799 2009
100 _aStead, Rebecca
245 _aWhen you reach me /
245 _cRebecca Stead.
260 _aNew York :
260 _bYearling Book,
260 _c2009
300 _a197 pages :
300 _bcolored illustration ;
300 _c19cm.
500 _a750
999 _c342006
_d342006